Image - Retrouver les séries TV - Statistiques

Statistiques générales
  • Ce quiz a été pris 1 877 fois
  • Le résultat moyen est 5 sur 12
Statistiques - réponses
Scène Séries TV % Correct
Les Simpson
94%
One piece
74%
American dad
56%
Friends
54%
Dragon Ball
48%
The Mentalist
48%
Alerte à Malibu
47%
Futurama
28%
The big bang theory
20%
How i met your mother
19%
Charmed
18%
Nicky Larson
5%
Aucun quiz correspondant
Distribution des résultats
% des personnes avec chaque résultat
Percentile par nombre de réponses
Votre historique - résultats
Vous n’avez pas pris ce quiz